Bengkel Guided Self Learning [ Public speaking and presentation skills, 29-31 December 2002

Bibliographic Details
Format: Book
Published: Bangi : Inspen , 2002
Subjects:

MARC

LEADER 00000cam a2200000 7i4500
001 0000017334
005 20061129.0
040 |a INS 
090 0 0 |a Hb 58.8 2002 
245 0 0 |a Bengkel Guided Self Learning [  |h video recording] :   |b Public speaking and presentation skills, 29-31 December 2002 
260 |a Bangi :   |b Inspen ,   |c 2002 
300 |a 1 Video cassette (VHS) (1:0) :   |b sd., col. ;   |c 1/2 in. 
650 0 0 |a Public speaking 
650 0 0 |a Self-managed learning 
999 |a VHS954   |b VIDEO   |c Media Collection   |e Default branch